000 00389nam a22001217a 4500
999 _c130451
_d130451
008 200319b ||||| |||| 00| 0 eng d
050 _aHN37.C3
_bR291
245 _aThe social activist's bible
_cEdited by Cedric Rebello
260 _aBangalore
_bClaretian Publication
_c1988
300 _a146p. ;
_c22cm.
650 _aSociology, Christian (Catholic Church)
_934896
942 _2lcc
_cMONOGRAPH